Model zariadenia na výskum prúdenia pri vysokých tangenciálnych napätiach

Enregistré dans:
Détails bibliographiques
Auteur principal: Kopka, Vladimír (Auteur)
Autres auteurs: Olšiak, Róbert (Directeur de thèse)
Format: Manuscrit Livre
Langue:slovaque
Publié: 2017
Sujets:
Accès en ligne:http://is.stuba.sk/zp/portal_zp.pl?podrobnosti=133485
Tags: Ajouter un tag
Pas de tags, Soyez le premier à ajouter un tag!

MARC

LEADER 00000ntm a22000003a 4500
001 stuzp58350
003 SK-STU
005 20170624210654.3
007 ta
008 150427s2015----xo-----f-mn---000-0-slo-d
040 |a STU  |b slo 
041 0 |a slo 
100 1 |a Kopka, Vladimír  |u 020060  |4 aut  |U SjF Strojnícka fakulta  |T SjF Ústav energetických strojov a zariadení  |X 68438  |U J0060  |Y 805  |7 A000068438 
242 0 1 |a Model installation for research of flow at high tangential stresses  |y eng 
245 1 0 |a Model zariadenia na výskum prúdenia pri vysokých tangenciálnych napätiach 
260 |c 2017 
650 4 |a kavitácia  |2 slo 
650 4 |a 3D model  |2 slo 
650 4 |a elektromotor  |2 slo 
650 4 |a turbulentné prúdenie  |2 slo 
650 4 |a prenos tepla  |2 slo 
650 4 |a chladenie  |2 slo 
650 4 |a heat transfer  |2 eng 
650 4 |a cavitation  |2 eng 
650 4 |a electric motor  |2 eng 
650 4 |a turbulent flow  |2 eng 
650 4 |a cooling  |2 eng 
700 1 |a Olšiak, Róbert  |u 020060  |k Z1  |4 ths  |U SjF Strojnícka fakulta  |T SjF Ústav energetických strojov a zariadení  |X 2339  |U J0060  |Y 805  |7 A000002339 
856 4 |u http://is.stuba.sk/zp/portal_zp.pl?podrobnosti=133485 
996 |b 284J045121  |c J* 2591/DP  |l JJSK  |s A  |a 24  |w stuzp58350_0001